000 01319nam a22003737a 4500
003 CHAP
005 20220329134237.0
008 971013s1971 r 00010 d
010 _a17511
011 _a18483
035 _a22568
040 _cCHAP
082 _a630.2515
_bH8
100 0 0 _aHurst, G. W.
_956972
245 _aProtection of plants against adverse weather
260 _aGeneva :
_bWorl Meteorological Organization,
_c1971
300 _a64 p.
_b: ilus. ; gráfs.
490 _aTechnical note
_v; 118
504 _aBibliografía anotada: pp. 27-48
590 _aBATCH-UPD
_b10
_c20130110
_lUCH01
_h1732
590 _aBATCH-UPD
_b10
_c20130410
_lUCH01
_h1113
590 _aBATCH-UPD
_b10
_c20130914
_lUCH01
_h1126
590 _aCONVERSION
_b10
_c20130109
_lUCH01
_h1311
650 1 4 _aCultivos y clima.
_930392
650 1 4 _aMeteorología agrícola.
_975217
700 0 _aRumney, R. P.
_9100854
830 0 _aTechnical note
_v; 118
_9111897
901 _aBK
942 _cLIBRO
949 _a630.2515 H8
_bBC
_cLIBRO
_d33724000029773
_eLIBRO
_fc.4
_h57000
_i22568
_si
949 _a630.2515 H8
_bBC
_cLIBRO
_d33724000029799
_eLIBRO
_fc.3
_h56860
_i22568
_si
949 _a630.2515 H8
_bBC
_cLIBRO
_d33724000030110
_eLIBRO
_fc.2
_h54300
_i22568
_si
949 _a630.2515 H8
_bBC
_cLIBRO
_d33724002204850
_eLIBRO
_h54299
_i22568
_si
999 _c17511
_d17511